| 000 | 00433nam a22001697a 4500 | ||
|---|---|---|---|
| 005 | 20180206123319.0 | ||
| 008 | 160428b xxu||||| |||| 00| 0 eng d | ||
| 020 | _a81-7656101-0 | ||
| 041 | _aeng | ||
| 082 |
_b00594 _a005.36 |
||
| 100 |
_aDavis, Guy Hart _9167 |
||
| 245 | _aWord 2000 : No experience Required | ||
| 260 |
_aNew Delhi _bBPB Publishing, _c1999 |
||
| 300 | _a407 | ||
| 650 |
_aInformation Technology _9137 |
||
| 942 | _cBK | ||
| 999 |
_c169 _d169 |
||